Jeux vidéos les plus vendus - Statistiques

Statistiques générales
  • Ce quiz a été pris 952 fois
  • Le résultat moyen est 9 sur 50
Statistiques - réponses
# Titre Vente Année Plateforme % Correct
1 Minecraft 300 millions 2011 Multi-Plateforme
87%
2 Grand Theft Auto V 200 millions 2013 PlayStation 3, Xbox 360, PlayStation 4, Xbox One, PC, PlayStation 5, Xbox Series
77%
40 Grand Theft Auto IV 25 millions 2008 PlayStation 3, Xbox 360, PC, Mac OS X
50%
14 Super Mario Bros. 43,17 millions 1985 NES, Game Boy Color, Game Boy Advance, Wii
47%
19 Tetris / DX 32,14 millions 1989 Game Boy, Game Boy color
46%
3 Tetris (EA) 100 millions 2006 Appareil Mobile
46%
6 Mario Kart 8 / Deluxe 71,36 millions 2014 Wii U, Nintendo Switch
43%
36 Call of Duty: Black Ops 26,2 millions 2010 PC, Xbox 360, PlayStation 3, Wii, Mac OS X
30%
45 FIFA 18 24 millions 2017 PC, Xbox One, PlayStation 4, PlayStation 3, Xbox 360, Nintendo Switch
30%
7 Red Dead Redemption II 65 millions 2018 PlayStation 4, Xbox One, PC, Stadia
28%
17 The Legend of Zelda: Breath of the Wild 33,75 millions 2017 Nintendo Switch, Wii U
28%
11 Pokémon Rouge / Bleu / Vert / Jaune 47,19 millions 1996 Game Boy, Game Boy Color, Nintendo 3DS
24%
23 Call of Duty: Modern Warfare 30 millions 2019 PC, PlayStation 4, Xbox One
22%
43 Call of Duty: Black Ops II 24,2 millions 2012 Microsoft Windows, Xbox 360, PlayStation 3, Wii U
21%
4 Wii Sports 82,9 millions 2006 Wii
21%
15 Mario Kart Wii 37,38 millions 2008 Wii
20%
40 Elden Ring 25 millions 2022 PC, PlayStation 4, PlayStation 5, Xbox One, Xbox Series
19%
39 Pokémon Diamant / Perle / Platine 25,27 millions 2006 Nintendo DS
17%
22 Pokémon Or / Argent / Cristal 30,12 millions 1999 Game Boy, Game Boy Color
16%
5 PUBG 75 millions 2017 PC, Xbox One, PlayStation 4, Mobile
13%
9 The Witcher 3: Wild Hunt 50 millions 2015 PC, Xbox One, PlayStation 4, Nintendo Switch, PlayStation 5, Xbox Series
13%
28 Super Mario Odyssey 28,21 millions 2017 Nintendo Switch
12%
38 Pokémon Écarlate / Violet 25,29 millions 2022 Nintendo Switch
11%
34 Pokémon Épée / Bouclier 26,35 millions 2019 Nintendo Switch
11%
16 Super Smash Bros. Ultimate 34,66 millions 2018 Nintendo Switch
11%
12 Animal Crossing: New Horizons 45,85 millions 2020 Nintendo Switch
10%
32 Call of Duty: Modern Warfare 3 26,5 millions 2011 PC, Xbox 360, PlayStation 3, Wii
10%
37 Pokémon Soleil / Lune / Ultra-Soleil / Ultra-Lune 25,54 millions 2016 Nintendo 3DS
10%
20 New Super Mario Bros. 30,80 millions 2006 Nintendo DS
9%
18 Wii Sports Resort 33,14 millions 2009 Wii
9%
40 Cyberpunk 2077 25 millions 2020 PC, PlayStation 4, PlayStation 5, Stadia, Xbox One, Xbox Series
7%
30 Grand Theft Auto: San Andreas 27,5 millions 2004 PlayStation 2, PC, Xbox, Mac OS X, Xbox 360, PlayStation 3, PlayStation 4
7%
8 Terraria 58,70 millions 2011 Multi-Plateforme
7%
13 Wii Fit / Plus 43,80 millions 2007 Wii
7%
23 Diablo III 30 millions 2012 PC, MAC OS X, Xbox 360, PlayStation 3, Xbox One, PlayStation 4, Nintendo Switch
6%
26 Borderlands 2 29 millions 2012 PC, Xbox 360, PlayStation 3, PlayStation Vita, Xbox One, PlayStation 4, Nintendo Switch
4%
21 New Super Mario Bros. Wii 30,32 millions 2009 Wii
4%
50 Nintendogs 23,96 millions 2005 Nintendo DS
4%
49 Sonic the Hedgehog 23,98 millions 1991 Mega Drive, Appareil mobile, Xbox 360
4%
31 Super Mario World 26,66 millions 1990 Super Nintendo Entertainment System, Game Boy Advance, Wii
4%
29 Wii Play 28,02 millions 2006 Wii
4%
27 Duck Hunt 28,3 millions 1984 NES
3%
45 Hogwarts Legacy 24 millions 2023 PC, PlayStation 5, Xbox Series, PlayStation 4, Xbox One, Nintendo Switch
3%
9 Human: Fall Flat 50 millions 2016 PC, MAC OS X, Linux, Xbox 360, Xbox One, PlayStation 4, Android, iOS, Nintendo Switch, Stadia
3%
35 Monster Hunter: World 26,30 millions 2018 PlayStation 4, Xbox One, PC
3%
32 New Super Mario Bros. U / Luigi U / Deluxe 26,50 millions 2012 Wii U, Nintendo Switch
3%
23 Stardew Valley 30 millions 2016 PC, MAC OS, Linux, PlayStation 4, Xbox One, Nintendo Switch, PlayStation Vita, iOS, Android
3%
45 Horizon Zero Dawn 24 millions 2017 PlayStation 4, PC
2%
45 Kinect Adventures 24 millions 2010 Xbox 360
1%
44 Marvel's Spider-Man 24,19 millions 2018 PlayStation 4, PlayStation 5, PC
1%
Aucun quiz correspondant
Distribution des résultats
% des personnes avec chaque résultat
Percentile par nombre de réponses
Votre historique - résultats
Vous n’avez pas pris ce quiz